Pays et leurs capitales - Mort Subite - Statistiques

Statistiques générales
  • Ce quiz a été pris 1 491 fois
    570 depuis la dernière actualisation
  • Le résultat moyen est 9 sur 20
Answers on the Grid
Answers color-coded by a green-red scale on the quiz's grid according to % correct below.
Chili/Santiago
Maroc/Marrakech
Allemagne/Dublin
Pérou/Lima
Tadjikistan/Douchanbé
États-Unis/New York
Pologne/Varsovie
Corée du Nord/Séoul
Afrique du Sud/Le Cap
Afrique du Sud/Pretoria
Afrique du Sud/Johannesburg
Géorgie/Tbilissi
Espagne/Madrid
Andorre/Saragosse
Australie/Sydney
France/Marseille
Japon/Tokyo
Honduras/Tegucigalpa
Autriche/Prague
Suisse/Berne
Inde/Mumbai
Islande/Copenhague
Colombie/Bogotá
Cuba/La Havane
Roumanie/Sofia
Norvège/Oslo
Irak/Bagdad
Lituanie/Riga
Sénégal/Bamako
République du Congo/Brazzaville
Brésil/Rio de Janeiro
Croatie/Zagreb
Palaos/Ngerulmud
Portugal/Porto
Tunisie/Tunis
Philippines/Manille
 
Statistiques - réponses
Réponse % Correct
Chili/Santiago
78%
Pérou/Lima
78%
Pologne/Varsovie
70%
Espagne/Madrid
56%
Japon/Tokyo
55%
Afrique du Sud/Pretoria
48%
Suisse/Berne
45%
Tunisie/Tunis
45%
Afrique du Sud/Le Cap
44%
Cuba/La Havane
43%
Norvège/Oslo
43%
Croatie/Zagreb
42%
Colombie/Bogotá
40%
Géorgie/Tbilissi
39%
Irak/Bagdad
36%
Philippines/Manille
34%
Tadjikistan/Douchanbé
31%
République du Congo/Brazzaville
29%
Honduras/Tegucigalpa
26%
Palaos/Ngerulmud
17%
Aucun quiz correspondant
Distribution des résultats
% des personnes avec chaque résultat
Percentile par nombre de réponses
Votre historique - résultats
Vous n’avez pas pris ce quiz depuis la dernière actualisation